Science Quiz

Random Science Quiz

Flag Day! Not just for this Planet Anymore. (Pic) Quiz Stats

 Plays Quiz not verified by Sporcle

Challenge
Share
Tweet
Score 0/7 Timer 06:00
0 Plays Today
Number Planet % Correct
1???
68.6%
7???
58.7%
2???
38.8%
5???
35.5%
3???
32.2%
4???
25.6%
6???
17.4%

You're not logged in!

Compare scores with friends on all Sporcle quizzes.
OR
Log In

You Might Also Like...

Show Comments

Extras

Created Jun 14, 2012ReportNominate
Tags:anymore, fictional, mine, planet

Top Quizzes Today


Score Distribution

Your Account Isn't Verified!

In order to create a playlist on Sporcle, you need to verify the email address you used during registration. Go to your Sporcle Settings to finish the process.

Report this User

Report this user for behavior that violates our Community Guidelines.

Details: